000 00604nam a2200229 i 4500
001 C2-0223378
003 PPAK
005 20180728152245.0
008 000209s1959 enka|||| ||||| | eng d
040 _aPPAK
_beng
_cPPAK
_erda
082 0 4 _a823
_223
090 0 0 _a823
_bDAU
_dKAH
100 1 _aDaudet, Alphonse,
_eauthor
245 1 0 _aSappho
264 1 _aLondon :
_bBestseller Library ,
_c1959
300 _a255 pages :
_billustrations ;
_c18 cm
336 _2rdacontent
_atext
337 _2rdamedia
_aunmediated
338 _2rdacarrier
_avolume
650 1 0 _aEnglish fiction
942 _ddc
_cB
999 _c144524
_d144524